Quizzes
Events
Quiz Creation
Community
Videos
Private Events
Remove Ads
Sign In
Join for FREE
Feedback
Dark Mode
Quiz Categories
Sports
Geography
Music
Movies
Television
Just For Fun
Miscellaneous
History
Literature
Language
Science
Gaming
Entertainment
Religion
Holiday
For Kids
Quiz Lab
Recent
Popular Today
Quiz Kudos Today
Editor Picks
Curator Picks
Quizzes by...
Day
Popularity
Type
Ratings
Length
Year
Community
Subscriptions
Recent Discussions
Orange Saloon
Badges
Playlists
Quests
Create
Leaderboards
Showdown
Live 5
Trivia Bingo
Activity
Puzzle Library
Sporcle Events
Private Events
Virtual Trivia
Globe League
Become a Host
Pub Owners
SporcleCon
Opinionation
Our Games
Videos
Blog
Mobile Apps
Partnerships
Remove Ads and Go Orange
Feedback
Sports
Athletes
MLB
NBA
NHL
NFL
Soccer
Sports Teams
WWE
NCAA
Football
Premier League
Basketball
Baseball
Hockey
Golf
Tennis
Cricket
Rugby
Auto Racing
Olympics
World Cup
Sports
Athletes
MLB
NBA
NHL
NFL
Soccer
Sports Teams
WWE
NCAA
Football
Premier League
Basketball
Baseball
Hockey
Golf
Tennis
Cricket
Rugby
Auto Racing
Olympics
World Cup
Random Quiz
Search Sporcle
×
Quiz Lab
Quiz Lab
Sports
Italian
Type in answers that appear in a list
Type in answers that appear in a list
Classic
Best Score? Go Orange.
Italian players in Euro U21 2017 Stats
Can you name the Italian players in Euro U21 2017?
By
RKSVHalsteren
10m
23 Questions
37 Plays
37 Plays
37 Plays
Comments
Comments
Give Quiz Kudos
Give Quiz Kudos
-
- Ratings
hide this ad
Replay
Link that replays current quiz
Next Quiz
Link to next quiz in quiz playlist
You Got
0%
They Got
Avg Score
49%
Avg Friend Score
Upgrade to see
Score Distribution
Jump to the score distribution portion of the page
Score
0/23
Timer
10:00
0
Plays Today
Hint
Answer
% Correct
AC Milan
Gianluigi Donnarumma
91.9%
Atalanta
Andrea Conti
81.1%
AC Milan
Davide Calabria
73%
Sassuolo
Domenico Berardi
73%
Atalanta
Mattia Caldara
70.3%
AC Milan
Manuel Locatelli
70.3%
Juventus
Daniele Rugani
67.6%
Fiorentina
Federico Bernardeschi
67.6%
Fiorentina
Federico Chiesa
67.6%
Inter Milan
Roberto Gagliardini
56.8%
Atalanta
Andrea Petagna
54.1%
Torino
Marco Benassi
51.4%
Hint
Answer
% Correct
Sassuolo
Lorenzo Pellegrini
45.9%
Udinese
Simone Scuffet
40.5%
Torino
Antonio Barreca
37.8%
Pescara
Alberto Cerri
32.4%
Genoa
Danilo Cataldi
29.7%
Palermo
Giuseppe Pezzella
29.7%
Genoa
Davide Biraschi
21.6%
Benevento
Alessio Cragno
21.6%
Hellas Verona
Alex Ferrari
21.6%
Atalanta
Alberto Grassi
18.9%
Cesena
Luca Garritano
10.8%
Quiz Playlist
Details
Report
Send in Message
Add To Playlist
Classic:
Type in answers that appear in a list
Last Updated: Jun 23, 2017
Quiz Scoreboard
CHALLENGE
Sign Up to Join the Scoreboard
Show All
Scores
Hide
Comments
May contain spoilers
Recently Published
9x9 Crossword: Cartoon Network
by jackfrog10
Miscellaneous
3m
College Basketball Coaching Resumes
by pancakes188
Sports
9m
Billboard Blitz: Fleetwood Mac
by CooCooCachoo
Music
15s
More to Explore
Quiz From the Vault
Featured Blog Post
Where Did the Easter Bunny Come From?
hide this ad
You Might Also Like...
Tags
Italian Quiz
2017
euro
Player
u21
Today's Top Quizzes in Sports
Browse Sports
hide this ad
Today's Top Quizzes in Italian
Browse Italian
Top Contributed Quizzes in Sports
1
2022 World Cup Stars
2
Les meilleurs buteurs des matchs entre le PSG et l’OM
3
FIFA Club World Cup Champions
4
Les entraîneurs de l'OM et du PSG au 21e siècle
5
Criteria MLB: Left Handed Sluggers
6
2023 MLB Unique Player Accomplishments
7
AFC Teams Reveal (Wrong Answers Minefield)
8
Players with Multiple 50 Home Run Seasons
9
5-to-1: FBS Animal Nicknames
10
5-to-1: UK Sports Teams
Explore More
Trending Topics
Anime
Crossword
NBA
Harry Potter
Kpop
Marvel
Disney
Song
The Office
NFL
Pokémon
WWE
Country
Puzzle
Soccer
hide this ad
More By:
RKSVHalsteren
Quiz
Plays
Rating
Category
Featured
Created
All-time goalscorers at the World Cup (Brazil)
935
4.83
Sports
Aug 10, 2019
England Euro 2020 (2021) Player Names
810
5.00
Sports
Jun 1, 2021
Players per nation to have played for PSV
679
5.00
Sports
Jun 25, 2017
France World Cup 2018 player names
672
4.33
Sports
Jun 13, 2018
All-time goalscorers at the World Cup (England)
598
4.83
Sports
Aug 10, 2019
Go to Creator's Profile
Score Distribution
Quiz Creator Spotlight
RKSVHalsteren
Follow
Send a Message
Quizzes Created
-
Created Quiz Play Count
-
More By This Creator
Popular Quizzes Today
1
Find the US States - No Outlines Minefield
2
Find the Countries of Europe - No Outlines Minefield
3
The Countries of the World
4
Find the US States
5
Risky Map Clicking: Biggest States A-Z
6
US States
7
Popular People in 1961
8
Movies - When Are They Set?
More Sports Quizzes
Best AL Catchers by Decade
Quiz Lab
Trending Quizzes
Risky Map Clicking: Least Populous States A-Z
1-10 Letter G Words
Risky Map Clicking: Next State Alphabetically
Adjectives in 80s TV Shows
Risky Map Clicking: Biggest States A-Z
Recently Updated
Leaping Animals
pecheneg
Reality TV Shows (A-Z)
bhenderson79
Rickey Henderson's Hall of Fame Teammates
pecheneg
Champions League XIs: Arsenal
pecheneg
Quick Pick: Celebrities in WWE's Hall of Fame
aduchscher
A-Z Keypad Blitz II
pecheneg
Multiple Oscar Actors
pecheneg
Mystery Phrase Blitz: Oscar 'Best Actors'
pecheneg
F. Scott Fitzgerald Novels
LTH
Pick 3 Villains
ddd62291
Trending Topics
Marvel
Disney
Kpop
Harry Potter
NBA
Crossword
Anime
The Office
Puzzle
Pokémon
Soccer
Song
NFL
WWE
Country
Your Account Isn't Verified!
In order to create a playlist on Sporcle, you need to verify the email address you used during registration. Go to your
Sporcle Settings
to finish the process.
Report this User
Report this user for behavior that violates our
Community Guidelines
.
Details:
Send Report
Go to the Sporcle.com Mobile Site →
Comments